Normal view
MARC view
- LLOYD, J. M
Entry Personal Name
001 - CONTROL NUMBER
- control field: 56625
003 - CONTROL NUMBER IDENTIFIER
- control field: NUST
005 - DATE AND TIME OF LATEST TRANSACTION
- control field: 20210628201736.0
008 - FIXED-LENGTH DATA ELEMENTS
- fixed length control field: 210628|| aca||aabn | a|a d
040 ## - CATALOGING SOURCE
- Original cataloging agency: NUST
- Transcribing agency: NUST
100 ## - HEADING--PERSONAL NAME
- Personal name: LLOYD, J. M
670 ## - SOURCE DATA FOUND
- Source citation: Work cat.: (NUST): LLOYD, J. M, THE ALL IN ONE TAPE RECORDER BOOK, 1965
